Osiedla w Tczewie - Statystyki

Ogólne statystyki
  • Ten quiz został rozwiązany 103 razy
  • Średni wynik to 7 z 14
Statystyki odpowiedzi
Dzielnice % Poprawnych
Suchostrzygi
94%
Czyżykowo
92%
Stare Miasto
92%
Nowe Miasto
86%
Os. Staszica (Abisynia)
76%
Os. Witosa (Górki)
76%
Os. Zatorze
47%
Os. Garnuszewskiego
41%
Os. Kolejarz
35%
Os. Prątnica
32%
Bajkowe-Piotrowo
30%
Os. Generała Bema
24%
Os. Strzelnica
14%
Os. Za Dworcem
6%
Nie znaleziono quizów pasujących do podanych kryteriów
Rozkład punktacji
Procent ludzi z każdym wynikiem
Percentyl według liczby udzielonych odpowiedzi
Twoja historia wyników
Nie rozwiązałeś tego quizu